[Event "Islandia ch 2009"]
[Site "Bolungarvik ISL"]
[Date "2009.09.08"]
[Round "8.3"]
[White "Olafsson, David"]
[Black "Kjartansson, Gudmundur"]
[Result "0-1"]
[PlyCount "90"]
[EventDate "2009.09.01"]
[EventType "tourn"]
[EventRounds "11"]
[EventCountry "ISL"]
[EventCategory "5"]
[Source "lmi"]
[SourceDate "2009.09.01"]
[WhiteElo "2327"]
[BlackElo "2413"]

1. e4 e5 2. d4 exd4 3. Nf3 Nc6 4. c3 Nf6 5. Bg5 Be7 6. Bxf6 Bxf6 7. cxd4 d6 8.
h3 O-O 9. Nc3 Re8 10. Be2 a6 11. O-O Bd7 12. Rc1 g6 13. Re1 b5 14. Bf1 Ne7 15.
Qd2 Bg7 16. Qf4 Bc6 17. Bd3 Bb7 18. Rcd1 Qd7 19. Bc2 Nc8 20. a4 b4 21. Nb1 Nb6
22. b3 a5 23. Nbd2 Re7 24. Nf1 Rae8 25. N1h2 f6 26. Qh4 g5 27. Nxg5 fxg5 28.
Qxg5 Bxe4 29. Rxe4 Rxe4 30. Bxe4 Rxe4 31. Ng4 Qe7 32. Qxa5 Bxd4 33. Qf5 c6 34.
Rd3 Bg7 35. Rg3 Kh8 36. Qa5 Nd5 37. Qa8+ Qe8 38. Qa6 Re1+ 39. Kh2 h5 40. Qc4
Re4 41. Qc1 hxg4 42. hxg4 Be5 43. Qh6+ Kg8 44. Qg5+ Kf8 45. Qf5+ Kg7 0-1

[Event "Islandia ch 2009"]
[Site "Bolungarvik ISL"]
[Date "2009.09.08"]
[Round "8.4"]
[White "Thorfinnsson, Bragi"]
[Black "Bjornsson, Sigurbjorn"]
[Result "1/2-1/2"]
[PlyCount "170"]
[EventDate "2009.09.01"]
[EventType "tourn"]
[EventRounds "11"]
[EventCountry "ISL"]
[EventCategory "5"]
[Source "lmi"]
[SourceDate "2009.09.01"]
[WhiteElo "2360"]
[BlackElo "2287"]

1. d4 Nf6 2. c4 g6 3. Nc3 Bg7 4. e4 d6 5. Nf3 O-O 6. Be2 e5 7. O-O exd4 8. Nxd4
Re8 9. f3 Nc6 10. Be3 Nh5 11. Qd2 Nxd4 12. Bxd4 Nf4 13. Rfd1 Bxd4+ 14. Qxd4
Nxe2+ 15. Nxe2 b6 16. Rac1 Bb7 17. Nc3 Qg5 18. Qd2 Qe5 19. Nd5 Bxd5 20. cxd5
Rac8 21. Rc4 Re7 22. Rdc1 f5 23. f4 Qg7 24. e5 c5 25. dxc6 dxe5 26. fxe5 Qxe5
27. R4c3 Qe2 28. Qd6 Qe6 29. Qa3 Rec7 30. Qa6 Qd5 31. Qc4 Qxc4 32. Rxc4 Rd8 33.
b4 Rd5 34. a4 a6 35. R1c2 Kf7 36. Kf2 Rd3 37. R4c3 Rd4 38. Rb2 Ke6 39. b5 Rxa4
40. bxa6 Rxa6 41. Ke3 Kd6 42. Rd2+ Ke7 43. Kd4 Ra4+ 44. Ke5 Re4+ 45. Kd5 Rc8
46. c7 Kd7 47. Rdc2 Re6 48. Rc6 Rxc6 49. Rxc6 Rxc7 50. Rxb6 Ke7 51. Ke5 Kf7 52.
h3 Kg7 53. g4 fxg4 54. hxg4 Rf7 55. Ke4 Rf1 56. Ke3 g5 57. Rb5 Kg6 58. Rb8 Rf4
59. Rb6+ Kg7 60. Rb7+ Rf7 61. Rb6 h6 62. Ra6 Rf6 63. Ra8 Kg6 64. Rg8+ Kh7 65.
Ra8 Rf7 66. Ra6 Rf4 67. Ra7+ Kg6 68. Ra6+ Rf6 69. Ra8 Rd6 70. Kf3 Kf6 71. Ra5
Rc6 72. Rb5 Ke6 73. Ra5 Rc3+ 74. Kg2 Rd3 75. Ra6+ Ke5 76. Rxh6 Kf4 77. Ra6 Kxg4
78. Ra4+ Kh5 79. Rb4 Ra3 80. Rc4 Ra5 81. Rb4 Ra2+ 82. Kg3 Ra1 83. Kg2 Rc1 84.
Ra4 g4 85. Ra8 Rc2+ 1/2-1/2

[Event "Islandia ch 2009"]
[Site "Bolungarvik ISL"]
[Date "2009.09.08"]
[Round "8.5"]
[White "Danielsen, Henrik"]
[Black "Gunnarsson, Jon Viktor"]
[Result "1-0"]
[PlyCount "175"]
[EventDate "2009.09.01"]
[EventType "tourn"]
[EventRounds "11"]
[EventCountry "ISL"]
[EventCategory "5"]
[Source "lmi"]
[SourceDate "2009.09.01"]
[WhiteElo "2473"]
[BlackElo "2462"]

1. Nf3 c5 2. c4 Nf6 3. g3 g6 4. Bg2 Nc6 5. O-O Bg7 6. Nc3 O-O 7. d4 cxd4 8.
Nxd4 Nxd4 9. Qxd4 d6 10. Bg5 h6 11. Bxf6 Bxf6 12. Qe3 Bg7 13. Rfd1 Bd7 14. c5
Bc6 15. cxd6 exd6 16. Nd5 Re8 17. Qd2 Rc8 18. Rac1 Qg5 19. e3 Qe5 20. b3 Bxd5
21. Bxd5 b6 22. Qd3 Kf8 23. a4 h5 24. Rc4 Bf6 25. h4 Kg7 26. b4 Qb2 27. Rb1 Qe5
28. Rbc1 Rxc4 29. Rxc4 Re7 30. Kg2 Qa1 31. b5 Bb2 32. Rc2 Qa3 33. Bb3 Be5 34.
Rc6 Qb4 35. Qc2 Rd7 36. Bd5 Qb2 37. Qc4 Re7 38. Rc8 Qd2 39. Qb3 Qb2 40. Qd3 Qb4
41. Rc4 Qb2 42. Rc6 Qb4 43. Qc2 Qb2 44. Qxb2 Bxb2 45. Rxd6 Ba3 46. Rc6 Bb4 47.
Kf3 Ba5 48. Ke2 Bb4 49. f4 Ba5 50. Kf3 Bb4 51. e4 Ba3 52. g4 hxg4+ 53. Kxg4 Rd7
54. Bc4 Bc5 55. h5 Rd4 56. h6+ Kxh6 57. Bxf7 Rxe4 58. Bxg6 Rd4 59. Be4+ Kg7 60.
Kf5 Rxa4 61. Ke5 Bd4+ 62. Ke6 Be3 63. Rc7+ Kh8 64. Kf5 Kg8 65. Kg6 Kf8 66. Bc6
Rxf4 67. Rc8+ Ke7 68. Re8+ Kd6 69. Rxe3 Ra4 70. Bb7 Rg4+ 71. Kf7 Kc5 72. Ba6
Kb4 73. Re7 Rh4 74. Kf6 Ka5 75. Rxa7 Rb4 76. Ke5 Rb1 77. Kd4 Rb4+ 78. Kd3 Rh4
79. Re7 Rh1 80. Re5 Rh3+ 81. Kd4 Rb3 82. Re1 Kb4 83. Ra1 Rb2 84. Kd5 Rc2 85.
Kd6 Rc5 86. Kd7 Rc3 87. Rb1+ Ka5 88. Bb7 1-0

[Event "Islandia ch 2009"]
[Site "Bolungarvik ISL"]
[Date "2009.09.08"]
[Round "8.6"]
[White "Arngrimsson, Dagur"]
[Black "Lagerman, Robert"]
[Result "0-1"]
[PlyCount "86"]
[EventDate "2009.09.01"]
[EventType "tourn"]
[EventRounds "11"]
[EventCountry "ISL"]
[EventCategory "5"]
[Source "lmi"]
[SourceDate "2009.09.01"]
[WhiteElo "2396"]
[BlackElo "2351"]

1. e4 e5 2. Nf3 Nc6 3. Bb5 a6 4. Ba4 Nf6 5. Nc3 b5 6. Bb3 Bc5 7. d3 h6 8. a4
Rb8 9. axb5 axb5 10. O-O d6 11. Be3 Bxe3 12. fxe3 O-O 13. Qe1 b4 14. Nd5 Nxd5
15. exd5 Ne7 16. Ra7 Bb7 17. e4 c5 18. dxc6 Nxc6 19. Ra1 Na5 20. Rxa5 Qxa5 21.
Nh4 d5 22. Nf5 Qb6+ 23. Kh1 dxe4 24. dxe4 Kh7 25. Rf3 Bc8 26. h3 Bxf5 27. Rxf5
f6 28. Rf1 Qd6 29. Qe2 Rbd8 30. Qg4 g6 31. Ra1 Rd7 32. Bd5 f5 33. Qe2 fxe4 34.
Bxe4 Rf4 35. Re1 Qd4 36. b3 Rdf7 37. Kh2 Kg7 38. Bd3 e4 39. Bc4 Re7 40. Qe3
Qxe3 41. Rxe3 Kf6 42. Kg1 Ke5 43. g3 Rf6 0-1

[Event "Islandia ch 2009"]
[Site "Bolungarvik ISL"]
[Date "2009.09.09"]
[Round "9.1"]
[White "Lagerman, Robert"]
[Black "Ornolfsson, Magnus Palmi"]
[Result "1/2-1/2"]
[PlyCount "81"]
[EventDate "2009.09.01"]
[EventType "tourn"]
[EventRounds "11"]
[EventCountry "ISL"]
[EventCategory "5"]
[Source "lmi"]
[SourceDate "2009.09.01"]
[WhiteElo "2351"]
[BlackElo "2214"]

1. e4 e6 2. d4 d5 3. Nd2 dxe4 4. Nxe4 Nd7 5. Bd3 Ngf6 6. Bg5 h6 7. Bxf6 Nxf6 8.
Nf3 Bd7 9. Ne5 Bd6 10. Qf3 Bxe5 11. dxe5 Nxe4 12. Bxe4 Qg5 13. O-O Qxe5 14.
Bxb7 Rd8 15. Qa3 c5 16. Qxa7 Qc7 17. Qa6 Rb8 18. Bf3 Bb5 19. Qa3 Bxf1 20. Rxf1
O-O 21. Qc3 Qb6 22. b3 Qb4 23. Qe3 Qa3 24. Be4 Rfd8 25. Bd3 Rbc8 26. Qe4 g6 27.
Qe3 Qxa2 28. Bxg6 Qb2 29. Bd3 Qf6 30. Kh1 Kf8 31. h3 Ke7 32. f4 Qd4 33. Qe2 Ra8
34. Qh5 Ra1 35. Rxa1 Qxa1+ 36. Kh2 Qd4 37. Qxh6 Rh8 38. Qg5+ Kf8 39. f5 Qe5+
40. g3 exf5 41. Qd8+ 1/2-1/2

[Event "Islandia ch 2009"]
[Site "Bolungarvik ISL"]
[Date "2009.09.09"]
[Round "9.2"]
[White "Gunnarsson, Jon Viktor"]
[Black "Arngrimsson, Dagur"]
[Result "1-0"]
[PlyCount "95"]
[EventDate "2009.09.01"]
[EventType "tourn"]
[EventRounds "11"]
[EventCountry "ISL"]
[EventCategory "5"]
[Source "lmi"]
[SourceDate "2009.09.01"]
[WhiteElo "2462"]
[BlackElo "2396"]

1. e4 c5 2. Nf3 e6 3. d4 cxd4 4. Nxd4 Nf6 5. Nc3 Qb6 6. Nb3 Bb4 7. Bd3 d6 8.
Bd2 Bxc3 9. Bxc3 e5 10. O-O O-O 11. Kh1 Qc6 12. Na5 Qc7 13. f4 Nbd7 14. Qf3 Re8
15. Nc4 Nc5 16. fxe5 dxe5 17. Rae1 Nxd3 18. cxd3 b5 19. Ne3 Be6 20. Qg3 Nd7 21.
d4 b4 22. Bd2 f6 23. d5 Bf7 24. Bxb4 Bg6 25. Qg4 Qb6 26. Ba3 Nc5 27. h4 Nxe4
28. h5 f5 29. Qh4 f4 30. Nc4 Qd4 31. hxg6 hxg6 32. Rxe4 Qxe4 33. Nd6 Qxd5 34.
Nxe8 Rxe8 35. Qg4 Qxa2 36. Qxg6 Re6 37. Qe4 Qb3 38. Rc1 Rh6+ 39. Kg1 Qb6+ 40.
Rc5 Rh5 41. Kf2 Rg5 42. Ke2 Qe6 43. Rd5 Qa6+ 44. Kf2 Qb6+ 45. Rc5 Kh8 46. b4
Qe6 47. Bb2 Qd7 48. Rd5 1-0

[Event "Islandia ch 2009"]
[Site "Bolungarvik ISL"]
[Date "2009.09.09"]
[Round "9.3"]
[White "Bjornsson, Sigurbjorn"]
[Black "Danielsen, Henrik"]
[Result "1/2-1/2"]
[PlyCount "60"]
[EventDate "2009.09.01"]
[EventType "tourn"]
[EventRounds "11"]
[EventCountry "ISL"]
[EventCategory "5"]
[Source "lmi"]
[SourceDate "2009.09.01"]
[WhiteElo "2287"]
[BlackElo "2473"]

1. e4 g6 2. d4 Bg7 3. Nc3 d6 4. Be3 a6 5. Qd2 b5 6. Bd3 Bb7 7. a4 c6 8. Nf3 Nd7
9. O-O b4 10. Ne2 a5 11. c3 bxc3 12. bxc3 Ngf6 13. Rab1 Qc7 14. e5 Nd5 15. Bh6
O-O 16. Ng3 f6 17. e6 N7b6 18. Nh4 Ba6 19. Bxa6 Rxa6 20. Nxg6 hxg6 21. Qd3 Kh7
22. Bxg7 Rfa8 23. c4 Nf4 24. Qf3 d5 25. c5 Nc4 26. Rb7 Qxb7 27. Qxf4 Kxg7 28.
Nf5+ gxf5 29. Qg3+ Kf8 30. Qg6 Nd6 1/2-1/2

[Event "Islandia ch 2009"]
[Site "Bolungarvik ISL"]
[Date "2009.09.09"]
[Round "9.4"]
[White "Kjartansson, Gudmundur"]
[Black "Thorfinnsson, Bragi"]
[Result "0-1"]
[PlyCount "70"]
[EventDate "2009.09.01"]
[EventType "tourn"]
[EventRounds "11"]
[EventCountry "ISL"]
[EventCategory "5"]
[Source "lmi"]
[SourceDate "2009.09.01"]
[WhiteElo "2413"]
[BlackElo "2360"]

1. c4 c5 2. Nf3 Nc6 3. d4 cxd4 4. Nxd4 Nf6 5. Nc3 e6 6. a3 Bc5 7. Nb3 Be7 8. e4
O-O 9. Be2 b6 10. O-O Ba6 11. Bf4 d6 12. f3 Ne5 13. Qd4 Rc8 14. Bxe5 dxe5 15.
Qxe5 Bxc4 16. Bxc4 Rxc4 17. Rfd1 Qc8 18. Qb5 Bd8 19. Rd4 Rxd4 20. Nxd4 a6 21.
Qc6 Bc7 22. Nce2 Qb8 23. g3 Be5 24. Rc1 Rd8 25. Qc4 b5 26. Qb4 Bxd4+ 27. Nxd4
h5 28. Qc5 Nd7 29. Qc3 Ne5 30. Kh1 Qb6 31. Nc2 Qf2 32. Qe3 Qxf3+ 33. Qxf3 Nxf3
34. Nb4 Rd2 35. Rc2 Rd1+ 0-1

[Event "Islandia ch 2009"]
[Site "Bolungarvik ISL"]
[Date "2009.09.09"]
[Round "9.5"]
[White "Thorhallsson, Throstur"]
[Black "Olafsson, David"]
[Result "1/2-1/2"]
[PlyCount "103"]
[EventDate "2009.09.01"]
[EventType "tourn"]
[EventRounds "11"]
[EventCountry "ISL"]
[EventCategory "5"]
[Source "lmi"]
[SourceDate "2009.09.01"]
[WhiteElo "2433"]
[BlackElo "2327"]

1. e4 d5 2. exd5 Nf6 3. d4 Nxd5 4. c4 Nb6 5. Nc3 g6 6. c5 Nd5 7. Bc4 Nxc3 8.
bxc3 Bg7 9. Nf3 O-O 10. O-O Nc6 11. h3 e6 12. Re1 Re8 13. Bg5 Bf6 14. Bxf6 Qxf6
15. d5 Rd8 16. Bb5 Rxd5 17. Qe2 Rxc5 18. Bxc6 Rxc6 19. Ne5 Rd6 20. Ng4 Qg7 21.
Qc4 h5 22. Ne5 Rd5 23. f4 c6 24. Rab1 Qf8 25. Qe4 Kg7 26. c4 Qc5+ 27. Kh2 Rd4
28. Qe3 f6 29. Rbd1 fxe5 30. fxe5 Rxd1 31. Qxc5 Rxe1 32. Qe7+ Kg8 33. Qf6 Rd1
34. Qxg6+ Kf8 35. Qh6+ Ke7 36. Qg5+ Kd7 37. Qxh5 Rd4 38. Qf7+ Kd8 39. Qf2 Rd7
40. Qf6+ Re7 41. g4 b6 42. g5 Kd7 43. h4 Ba6 44. Qf4 Rh8 45. Kg3 c5 46. Qf3 Rg8
47. Kg4 Bxc4 48. Qb7+ Ke8 49. Qa8+ Kf7 50. Qf3+ Ke8 51. Qa8+ Kf7 52. Qf3+
1/2-1/2

[Event "Islandia ch 2009"]
[Site "Bolungarvik ISL"]
[Date "2009.09.09"]
[Round "9.6"]
[White "Gislason, Gudmundur"]
[Black "Johannesson, Ingvar Thor"]
[Result "0-1"]
[PlyCount "74"]
[EventDate "2009.09.01"]
[EventType "tourn"]
[EventRounds "11"]
[EventCountry "ISL"]
[EventCategory "5"]
[Source "lmi"]
[SourceDate "2009.09.01"]
[WhiteElo "2348"]
[BlackElo "2323"]

1. d4 f5 2. Nc3 Nf6 3. f3 d5 4. Bg5 Nc6 5. e3 e6 6. a3 Be7 7. Bb5 Bd7 8. Nge2
Nh5 9. Bxe7 Qxe7 10. Qd2 a6 11. Bxc6 Bxc6 12. Nf4 Nf6 13. O-O-O O-O 14. g4 fxg4
15. fxg4 e5 16. dxe5 Qxe5 17. g5 Ng4 18. Rhe1 Rad8 19. g6 h6 20. h3 Nf6 21. Qd4
Qf5 22. Rf1 Nh5 23. Nfxd5 Qxf1 24. Ne7+ Kh8 25. Qxd8 Rxd8 26. Rxf1 Bg2 27. Rf5
Nf6 28. h4 Re8 29. Ncd5 Be4 30. Nxf6 gxf6 31. Rxf6 Rxe7 32. h5 Bd5 33. Rf5 Be4
34. Rf4 Kg8 35. c4 Re5 36. Kd2 Bc6 37. Rh4 Re4 0-1

[Event "Islandia ch 2009"]
[Site "Bolungarvik ISL"]
[Date "2009.09.10"]
[Round "10.2"]
[White "Olafsson, David"]
[Black "Gislason, Gudmundur"]
[Result "0-1"]
[PlyCount "106"]
[EventDate "2009.09.01"]
[EventType "tourn"]
[EventRounds "11"]
[EventCountry "ISL"]
[EventCategory "5"]
[Source "lmi"]
[SourceDate "2009.09.01"]
[WhiteElo "2327"]
[BlackElo "2348"]

1. e4 c5 2. Nf3 d6 3. d4 cxd4 4. Nxd4 Nf6 5. Nc3 a6 6. Bg5 b5 7. Bxf6 gxf6 8.
Qh5 e6 9. g3 b4 10. Nce2 e5 11. Nf5 d5 12. Bg2 d4 13. O-O Qb6 14. Nc1 Nc6 15.
Rd1 Be6 16. Nd3 Rc8 17. f4 exf4 18. gxf4 Bxf5 19. exf5 Ne7 20. Rd2 Rg8 21. Qxh7
Rg7 22. Qh8 Nd5 23. Re1+ Ne3 24. Ree2 Kd7 25. Kh1 Kc7 26. Qh3 Bd6 27. Qf3 Rh8
28. Ne1 Nxf5 29. Rf2 Rgh7 30. Bf1 Rh4 31. Qd5 Qc6 32. Qxc6+ Kxc6 33. Bd3 Ne3
34. Be4+ Kc7 35. Rde2 Rxf4 36. Rxf4 Bxf4 37. Nd3 Bd6 38. c3 bxc3 39. bxc3 Nf1
40. Kg1 Nxh2 41. cxd4 Rh4 42. d5 Rg4+ 43. Kf2 Rg5 44. Rc2+ Kd7 45. Nc5+ Ke7 46.
Nxa6 f5 47. Bg2 f4 48. Rb2 Rg3 49. Bf1 Rf3+ 50. Kg2 Rxf1 51. Kxh2 f3+ 52. Kh3
f5 53. a3 Rh1+ 0-1

[Event "Islandia ch 2009"]
[Site "Bolungarvik ISL"]
[Date "2009.09.10"]
[Round "10.3"]
[White "Thorfinnsson, Bragi"]
[Black "Thorhallsson, Throstur"]
[Result "1/2-1/2"]
[PlyCount "47"]
[EventDate "2009.09.01"]
[EventType "tourn"]
[EventRounds "11"]
[EventCountry "ISL"]
[EventCategory "5"]
[Source "lmi"]
[SourceDate "2009.09.01"]
[WhiteElo "2360"]
[BlackElo "2433"]

1. d4 d5 2. c4 e6 3. Nf3 Nf6 4. g3 dxc4 5. Bg2 Nc6 6. Qa4 Bb4+ 7. Bd2 Nd5 8.
Bxb4 Ndxb4 9. Ne5 O-O 10. Nxc6 Nxc6 11. e3 e5 12. d5 Ne7 13. Nc3 c6 14. dxc6
bxc6 15. Qxc4 Qb6 16. Qb3 Be6 17. Qa3 Rab8 18. Qxe7 Qxb2 19. O-O Qxc3 20. Qxa7
Ra8 21. Qb7 Rxa2 22. Rxa2 Bxa2 23. Qxc6 Qxc6 24. Bxc6 1/2-1/2

[Event "Islandia ch 2009"]
[Site "Bolungarvik ISL"]
[Date "2009.09.10"]
[Round "10.4"]
[White "Danielsen, Henrik"]
[Black "Kjartansson, Gudmundur"]
[Result "1/2-1/2"]
[PlyCount "25"]
[EventDate "2009.09.01"]
[EventType "tourn"]
[EventRounds "11"]
[EventCountry "ISL"]
[EventCategory "5"]
[Source "lmi"]
[SourceDate "2009.09.01"]
[WhiteElo "2473"]
[BlackElo "2413"]

1. g3 Nf6 2. Bg2 d5 3. Nf3 c6 4. O-O Bg4 5. d4 Nbd7 6. Nbd2 e6 7. Re1 Be7 8. e4
dxe4 9. Nxe4 Nxe4 10. Rxe4 Bf5 11. Re1 O-O 12. c3 Nf6 13. Qb3 1/2-1/2

[Event "Islandia ch 2009"]
[Site "Bolungarvik ISL"]
[Date "2009.09.10"]
[Round "10.5"]
[White "Arngrimsson, Dagur"]
[Black "Bjornsson, Sigurbjorn"]
[Result "1-0"]
[PlyCount "77"]
[EventDate "2009.09.01"]
[EventType "tourn"]
[EventRounds "11"]
[EventCountry "ISL"]
[EventCategory "5"]
[Source "lmi"]
[SourceDate "2009.09.01"]
[WhiteElo "2396"]
[BlackElo "2287"]

1. e4 c5 2. Nf3 e6 3. c3 Nf6 4. e5 Nd5 5. d4 cxd4 6. cxd4 Nc6 7. a3 d6 8. Bd3
Be7 9. O-O Bd7 10. Bd2 Rc8 11. Nc3 Nxc3 12. Bxc3 O-O 13. Qe2 d5 14. Rad1 Na5
15. h4 Ba4 16. Rde1 Nc4 17. Bb4 a5 18. Bxe7 Qxe7 19. Ng5 h6 20. Nh7 Rfd8 21. g3
Rc6 22. Bb1 Nxa3 23. bxa3 Rdc8 24. Qg4 Kh8 25. Kg2 Bc2 26. Ng5 hxg5 27. hxg5
Kg8 28. Rh1 Qxa3 29. Qh5 Kf8 30. Qh8+ Ke7 31. Qxg7 Rf8 32. g6 Kd7 33. Qh7 Be4+
34. Bxe4 dxe4 35. Re3 Rc3 36. g7 Rxe3 37. gxf8=Q Rxg3+ 38. fxg3 Qf3+ 39. Kh2
1-0

[Event "Islandia ch 2009"]
[Site "Bolungarvik ISL"]
[Date "2009.09.11"]
[Round "11.1"]
[White "Gunnarsson, Jon Viktor"]
[Black "Ornolfsson, Magnus Palmi"]
[Result "1-0"]
[PlyCount "51"]
[EventDate "2009.09.01"]
[EventType "tourn"]
[EventRounds "11"]
[EventCountry "ISL"]
[EventCategory "5"]
[Source "lmi"]
[SourceDate "2009.09.01"]
[WhiteElo "2462"]
[BlackElo "2214"]

1. e4 e6 2. d4 d5 3. Nc3 dxe4 4. Nxe4 Nd7 5. Nf3 Ngf6 6. Bd3 Nxe4 7. Bxe4 Nf6
8. Bg5 h6 9. Bxf6 Qxf6 10. Qd3 c6 11. Ne5 Bd6 12. f4 Bd7 13. O-O Bxe5 14. fxe5
Qe7 15. b4 O-O 16. Rf6 Qxb4 17. Raf1 gxf6 18. c3 Qb2 19. Qg3+ Kh8 20. Qf4 f5
21. Qxh6+ Kg8 22. Qg5+ Kh8 23. Rf3 Qa1+ 24. Kf2 Qb2+ 25. Ke1 Qa1+ 26. Kd2 1-0

[Event "Islandia ch 2009"]
[Site "Bolungarvik ISL"]
[Date "2009.09.11"]
[Round "11.2"]
[White "Bjornsson, Sigurbjorn"]
[Black "Lagerman, Robert"]
[Result "1/2-1/2"]
[PlyCount "69"]
[EventDate "2009.09.01"]
[EventType "tourn"]
[EventRounds "11"]
[EventCountry "ISL"]
[EventCategory "5"]
[Source "lmi"]
[SourceDate "2009.09.01"]
[WhiteElo "2287"]
[BlackElo "2351"]

1. e4 e5 2. Nf3 Nc6 3. Bb5 a6 4. Ba4 Nf6 5. O-O Nxe4 6. d4 b5 7. Bb3 d5 8. dxe5
Be6 9. Be3 Bc5 10. Qe2 O-O 11. Nbd2 Bxe3 12. Qxe3 Nxd2 13. Qxd2 Qe7 14. Rfe1
Rfd8 15. h3 Qc5 16. c3 d4 17. Rac1 d3 18. Bxe6 fxe6 19. Re3 Qd5 20. b3 Rd7 21.
c4 bxc4 22. bxc4 Qa5 23. Rxd3 Qxd2 24. Rxd2 Rxd2 25. Nxd2 Nxe5 26. Re1 Rd8 27.
Nb3 Nxc4 28. Rxe6 Rd1+ 29. Kh2 Nd2 30. Nxd2 Rxd2 31. Rxa6 Rxf2 32. Kg3 Rc2 33.
a4 c5 34. a5 c4 35. Ra8+ 1/2-1/2

[Event "Islandia ch 2009"]
[Site "Bolungarvik ISL"]
[Date "2009.09.11"]
[Round "11.3"]
[White "Kjartansson, Gudmundur"]
[Black "Arngrimsson, Dagur"]
[Result "1/2-1/2"]
[PlyCount "25"]
[EventDate "2009.09.01"]
[EventType "tourn"]
[EventRounds "11"]
[EventCountry "ISL"]
[EventCategory "5"]
[Source "lmi"]
[SourceDate "2009.09.01"]
[WhiteElo "2413"]
[BlackElo "2396"]

1. e4 c5 2. c3 Nf6 3. e5 Nd5 4. d4 cxd4 5. Nf3 Nc6 6. cxd4 d6 7. Bc4 Nb6 8. Bb5
dxe5 9. Nxe5 Bd7 10. Nxd7 Qxd7 11. Nc3 e6 12. O-O Be7 13. Be3 1/2-1/2

[Event "Islandia ch 2009"]
[Site "Bolungarvik ISL"]
[Date "2009.09.11"]
[Round "11.4"]
[White "Thorhallsson, Throstur"]
[Black "Danielsen, Henrik"]
[Result "1/2-1/2"]
[PlyCount "76"]
[EventDate "2009.09.01"]
[EventType "tourn"]
[EventRounds "11"]
[EventCountry "ISL"]
[EventCategory "5"]
[Source "lmi"]
[SourceDate "2009.09.01"]
[WhiteElo "2433"]
[BlackElo "2473"]

1. e4 d6 2. d4 Nf6 3. Nc3 g6 4. Bg5 Bg7 5. Qd2 h6 6. Bh4 g5 7. Bg3 Nh5 8. Bc4
Nc6 9. Nge2 Na5 10. Bd3 c5 11. dxc5 dxc5 12. Bb5+ Bd7 13. Bxd7+ Qxd7 14. Qxd7+
Kxd7 15. O-O-O+ Kc6 16. Nd5 Rhe8 17. b4 cxb4 18. Nxb4+ Kc5 19. Nd3+ Kb6 20. Be5
Rad8 21. Bxg7 Nxg7 22. h4 Ne6 23. hxg5 hxg5 24. Rh7 f6 25. Nb4 Rxd1+ 26. Kxd1
Nc6 27. Nd5+ Kc5 28. Ng3 Ned4 29. c3 Nb5 30. Kc2 Nd6 31. f3 b5 32. Nh5 Nc4 33.
Ng7 Rc8 34. Kd3 Nb2+ 35. Kd2 Nc4+ 36. Kd3 Nb2+ 37. Kc2 Nc4 38. Kd3 Nb2+ 1/2-1/2

[Event "Islandia ch 2009"]
[Site "Bolungarvik ISL"]
[Date "2009.09.11"]
[Round "11.5"]
[White "Gislason, Gudmundur"]
[Black "Thorfinnsson, Bragi"]
[Result "0-1"]
[PlyCount "98"]
[EventDate "2009.09.01"]
[EventType "tourn"]
[EventRounds "11"]
[EventCountry "ISL"]
[EventCategory "5"]
[Source "lmi"]
[SourceDate "2009.09.01"]
[WhiteElo "2348"]
[BlackElo "2360"]

1. d4 Nf6 2. c4 g6 3. g3 Bg7 4. Bg2 d5 5. cxd5 Nxd5 6. Nf3 O-O 7. O-O Nc6 8. e4
Nb6 9. d5 Na5 10. Nc3 c6 11. Nd4 cxd5 12. exd5 e6 13. Ndb5 a6 14. Na3 Nxd5 15.
Nxd5 exd5 16. Bxd5 Bh3 17. Re1 Rc8 18. Qf3 Nc6 19. Bf4 Nd4 20. Qe4 Re8 21.
Qxe8+ Qxe8 22. Rxe8+ Rxe8 23. Rd1 Ne2+ 24. Kh1 Bxb2 25. Nc4 Nc3 26. Nd6 Re7 27.
Bg5 Rd7 28. Rd2 Nxd5 29. Rxd5 Be6 30. Rd3 Be5 31. Bf4 Bxf4 32. gxf4 Bxa2 33. f5
Bb1 34. Rd4 gxf5 35. Kg2 a5 36. Kf3 Kf8 37. Kf4 f6 38. Rd1 Bc2 39. Rd2 a4 40.
Rxc2 Rxd6 41. Rc8+ Ke7 42. Rh8 Ke6 43. Rxh7 Rb6 44. Rh8 a3 45. Re8+ Kd5 46. Re1
a2 47. Ra1 Rb2 48. Kf3 Kc4 49. h4 Kb3 0-1